[Event "Asia Eastern-ch U20"]
[Site "Gangneung"]
[Date "2018.08.07"]
[Round "7"]
[White "Kang, Taehyung"]
[Black "Jang, Jaewon"]
[Result "1-0"]
[WhiteElo "1793"]
[BlackElo "1707"]
[PlyCount "117"]
[EventDate "2018.08.02"]
[EventType "swiss"]
[EventRounds "9"]
[EventCountry "KOR"]
[SourceTitle "CBM 186 Extra"]
[Source "ChessBase"]
[SourceDate "2018.08.24"]
[SourceVersion "1"]
[SourceVersionDate "2018.08.24"]
[SourceQuality "1"]

1. e4 c5 2. Nf3 Nc6 3. d4 cxd4 4. Nxd4 g6 5. c4 Bg7 6. Be3 Nf6 7. Nc3 0-0 8. Be2 d6 9. 0-0 Nxd4 10. Bxd4 Bd7 11. Qd2 Bc6 12. Bd3 Nd7 13. Bxg7 Kxg7 14. b4 b6 15. Rac1 Rc8 16. Ne2 Ne5 17. Nd4 Nxd3 18. Qxd3 Bb7 19. Rfd1 Kg8 20. f3 Qd7 21. Ne2 Qa4 22. Qb3 Qxb3 23. axb3 a6 24. Nc3 f5 25. Nd5 Bxd5 26. exd5 f4 27. Re1 Rc7 28. Kf2 Rb8 29. h4 a5 30. b5 h6 31. Re6 Kg7 32. Rce1 Rbb7 33. Ra1 Ra7 34. Ke2 g5 35. h5 Ra8 36. Kd3 Rh8 37. Rae1 Kf7 38. Rg6 Ra7 39. Rge6 Rh7 40. Kc3 Kf8 41. Rg6 a4 42. Ra1 a3 43. b4 Rg7 44. Rxh6 g4 45. Rg6 Rxg6 46. hxg6 g3 47. Kb3 Kg7 48. Rxa3 Rb7 49. Kc3 Kxg6 50. Kd4 Kf6 51. Ra8 e5+ 52. dxe6 Rh7 53. Kd5 Rh2 54. Kxd6 Rxg2 55. Rf8+ Kg5 56. e7 Re2 57. e8Q Rxe8 58. Rxe8 Kh4 59. Rh8+ 1-0

[Event "Asia Eastern-ch U20"]
[Site "Gangneung"]
[Date "2018.08.06"]
[Round "5"]
[White "Jang, Jaewon"]
[Black "Baasansuren, Erdene"]
[Result "0-1"]
[WhiteElo "1707"]
[BlackElo "2240"]
[PlyCount "66"]
[EventDate "2018.08.02"]
[EventType "swiss"]
[EventRounds "9"]
[EventCountry "KOR"]
[SourceTitle "CBM 186 Extra"]
[Source "ChessBase"]
[SourceDate "2018.08.24"]
[SourceVersion "1"]
[SourceVersionDate "2018.08.24"]
[SourceQuality "1"]

1. e4 c5 2. Nf3 d6 3. d4 cxd4 4. Nxd4 Nf6 5. Nc3 a6 6. Bg5 Nbd7 7. f4 Qc7 8. Qf3 h6 9. Bh4 g5 10. fxg5 hxg5 11. Bxg5 Qc5 12. Nf5 e6 13. 0-0-0 exf5 14. exf5 Be7 15. Be2 Rb8 16. Rhe1 b5 17. Ne4 Nxe4 18. Qxe4 Ne5 19. f6 Nd3+ 20. Rxd3 Qxg5+ 21. Re3 Qxf6 22. Qc6+ Bd7 23. Qxa6 Qg5 24. Bd3 Be6 25. Qa7 Rc8 26. Qb7 Rxh2 27. g4 Kf8 28. Kb1 Rc5 29. Qa8+ Kg7 30. R3e2 Qh4 31. Qf3 Rxe2 32. Qxe2 Re5 33. Be4 d5 0-1

[Event "Asia Eastern-ch U20"]
[Site "Gangneung"]
[Date "2018.08.06"]
[Round "6"]
[White "Setyaki, Azarya Jodi"]
[Black "Jang, Jaewon"]
[Result "1-0"]
[WhiteElo "2350"]
[BlackElo "1707"]
[PlyCount "121"]
[EventDate "2018.08.02"]
[EventType "swiss"]
[EventRounds "9"]
[EventCountry "KOR"]
[SourceTitle "CBM 186 Extra"]
[Source "ChessBase"]
[SourceDate "2018.08.24"]
[SourceVersion "1"]
[SourceVersionDate "2018.08.24"]
[SourceQuality "1"]

1. e4 c5 2. Nf3 Nc6 3. d4 cxd4 4. Nxd4 g6 5. c4 Bg7 6. Be3 Nf6 7. Nc3 0-0 8. Be2 d6 9. 0-0 Nxd4 10. Bxd4 Be6 11. Rc1 Rc8 12. b3 Qa5 13. Qd3 a6 14. Rfd1 Nh5 15. Bxg7 Nxg7 16. Bf3 Rc7 17. a4 Rfc8 18. Qe3 Ne8 19. Be2 Nf6 20. Nd5 Bxd5 21. exd5 Qc5 22. Qxc5 Rxc5 23. b4 R5c7 24. a5 Nd7 25. f3 g5 26. Kf2 Kg7 27. g3 f5 28. Rd4 Kf6 29. Bf1 Rb8 30. Re1 Ne5 31. f4 gxf4 32. gxf4 Ng4+ 33. Kg1 Rg8 34. Bg2 Kf7 35. h3 Nf6 36. Kf2 Rgc8 37. Rc1 Nd7 38. Bf1 Rg8 39. Bd3 Kf6 40. Kf3 Rcc8 41. Re1 Nf8 42. Kf2 Rg6 43. c5 dxc5 44. Rc4 e6 45. Rxc5 Rd8 46. dxe6 Nxe6 47. Rxe6+ Kxe6 48. Bxf5+ Kf6 49. Bxg6 hxg6 50. Ke3 Rh8 51. Rc7 Kf5 52. Rf7+ Ke6 53. Rxb7 Rxh3+ 54. Ke4 Rb3 55. Rb6+ Kf7 56. Kd5 Rf3 57. Rxa6 Rxf4 58. b5 g5 59. b6 g4 60. b7 Rb4 61. Rb6 1-0

[Event "Asia-chT 16th"]
[Site "Guangzhou"]
[Date "2010.11.21"]
[Round "4"]
[White "Mehdi, Hasan Parag"]
[Black "Jang, Jaewon"]
[Result "1-0"]
[WhiteElo "2267"]
[BlackElo "1638"]
[PlyCount "39"]
[EventDate "2010.11.18"]
[EventType "team-swiss"]
[EventRounds "9"]
[EventCountry "CHN"]
[SourceTitle "CBM 139 Extra"]
[Source "ChessBase"]
[SourceDate "2011.01.05"]
[SourceVersion "1"]
[SourceVersionDate "2011.01.05"]
[SourceQuality "1"]
[WhiteTeam "Bangladesh"]
[BlackTeam "Korea"]
[WhiteTeamCountry "BAN"]
[BlackTeamCountry "KOR"]

1. e4 c5 2. Nf3 Nc6 3. Bb5 g6 4. Bxc6 bxc6 5. d4 Ba6 6. Nc3 Bg7 7. Be3 Rb8 8. Rb1 Qa5 9. Qd2 e6 10. e5 cxd4 11. Qxd4 Rb7 12. b4 Qd8 13. Ne4 Rc7 14. Nd6+ Kf8 15. Qc5 Ne7 16. Qa5 Bc8 17. Bxa7 Nd5 18. 0-0 Ba6 19. Bc5 Kg8 20. Qxa6 1-0

[Event "Asia-chT 16th"]
[Site "Guangzhou"]
[Date "2010.11.18"]
[Round "1"]
[White "Jang, Jaewon"]
[Black "Toufighi, Homayoon"]
[Result "0-1"]
[WhiteElo "1638"]
[BlackElo "2455"]
[PlyCount "68"]
[EventDate "2010.11.18"]
[EventType "team-swiss"]
[EventRounds "9"]
[EventCountry "CHN"]
[SourceTitle "CBM 139 Extra"]
[Source "ChessBase"]
[SourceDate "2011.01.05"]
[SourceVersion "1"]
[SourceVersionDate "2011.01.05"]
[SourceQuality "1"]
[WhiteTeam "Korea"]
[BlackTeam "Iran"]
[WhiteTeamCountry "KOR"]
[BlackTeamCountry "IRI"]

1. e4 c6 2. d4 g6 3. Nf3 Bg7 4. Be2 d5 5. Nc3 Bg4 6. Be3 Nf6 7. exd5 cxd5 8. 0-0 Nc6 9. h3 Bxf3 10. Bxf3 0-0 11. Qd2 Rc8 12. b3 e6 13. Na4 Nd7 14. Rac1 b5 15. Nb2 Nb6 16. b4 a5 17. a3 Ra8 18. c3 Qd7 19. Ra1 Ne7 20. Nd3 Nc4 21. Qc2 Qa7 22. Qc1 Nxe3 23. fxe3 Bh6 24. Kf2 Nf5 25. Qb2 Bxe3+ 26. Ke2 Bh6 27. Rfb1 Rfc8 28. Nc5 Qc7 29. a4 axb4 30. Qxb4 bxa4 31. Rxa4 Rab8 32. Nb7 Qf4 33. Ra2 Qe3+ 34. Kd1 Rxc3 0-1